Bratislava Kaviareň Astra

Bibliographic Details
Other Authors: Kanka, Ján (Photographer)
Format: Postcard
Language:Slovak
PhysicalDescription:1 pohľadnica čiernobiela 11 x 15 cm
Published: [Bratislava] VPL 1965
Subjects:

MARC

LEADER 00000nkm a2200000 a 4500
001 vtls010689508
003 SK-MaSNL
005 20260512123417.0
007 kp bo
008 231206s1965 xo |g||||| |00 kuslo
015 |a SNBG 
035 |a 8844A0A7-20B0-42B5-8019-294B6718B41E 
035 |a urn:nbn:sk:snk-kmxxyn 
035 |a urn:nbn:sk:snk-km003si6 
040 |a SNK  |b slo  |c SNK  |e AACR2 
041 0 |a slo 
043 |a e-xo--- 
044 |a xo  |c SK 
080 |a 913(437.6)  |2 2001 
080 |a 640.442  |2 2001 
080 |a (084.121)  |2 2001 
100 1 |a Kanka, Ján  |4 pht  |9 181462 
245 1 0 |a Bratislava  |h grafika  |b Kaviareň Astra  |c foto Ján Kanka 
260 |a [Bratislava]  |b VPL  |c 1965 
300 |a 1 pohľadnica  |b čiernobiela  |c 11 x 15 cm 
610 2 7 |a Kaviareň Astra (Bratislava, Slovensko)  |2 SNKKA  |9 490362 
650 0 7 |a kaviarne  |2 SNKPH  |9 29586 
651 7 |a Bratislava (Slovensko)  |2 SNKPH  |9 14568 
655 7 |a miestne pohľadnice  |2 SNKPH  |9 70510 
852 |a Slovenská národná knižnica 
958 |a GC 
958 |a GBN 
958 |a OND 
999 |c 759608  |d 761538 
952 |a SNK  |b SNK  |y PREZ  |7 0  |p 17A0639353  |o snkSP 1602  |0 0  |1 0  |4 0  |d 2015-06-30  |f 1  |l 0  |r 2026-02-24 00:00:43  |w 2026-02-24